000 00910nam a2200361 a 4500
003 AR-BaBNM
005 20251128205427.0
008 082120s2002 ||||||||||||||000 | spa||
020 _a950-742-7120-0
040 _cAR-BaBNM
100 1 _aGambini, Hugo
245 0 0 _aEl Che Guevara
250 _a5ª ed.
260 _aBuenos Aires
_bPlaneta
_c1997
300 _a350 p.
_bil., láms.
500 _aAl final de cada capítulo se encuentran las notas de referencia
600 1 4 _aBatista, Fulgencio
600 1 4 _aCastro, Fidel
600 1 4 _aMartí, José
600 1 4 _aFrondizi, Arturo
650 4 _aBIOGRAFIAS
650 4 _aCIENCIAS POLITICAS
650 4 _aHISTORIA SOCIAL
650 4 _aREVOLUCION
650 4 _aSOCIALISMO
651 4 _aEstados Unidos
651 4 _aCuba
651 4 _aArgentina
653 _aGUERRILLA
655 _aBIOGRAFIAS
942 _cBK
998 _cmariana
999 _c11378
_d11378